|
|
|
|
| LEADER |
00000cam a2200000 4500 |
| 001 |
vtls012261666 |
| 003 |
SK-MaSNL |
| 005 |
20260301231939.0 |
| 008 |
240805s2023 xo g 000 0 slo |
| 015 |
|
|
|a SNBA2025/11
|
| 020 |
|
|
|a 9788097328993
|q (brožované)
|
| 040 |
|
|
|a SNK
|b slo
|c SNK
|e rda
|
| 041 |
0 |
|
|a slo
|
| 044 |
|
|
|a xo
|c SK
|
| 072 |
|
7 |
|a 27
|x Kresťanstvo. Kresťanská cirkev všeobecne. Ekleziológia
|2 konspekt
|
| 072 |
|
7 |
|a 316.4/.7
|x Sociálne interakcie
|2 konspekt
|
| 080 |
|
|
|a 27
|2 2011
|
| 080 |
|
|
|a 21/29-1/-9
|2 2011
|
| 080 |
|
|
|a 316.64
|2 2011
|
| 080 |
|
|
|a 323.26/.27+327.88
|2 2011
|
| 080 |
|
|
|a (0:82-4)
|2 2011
|
| 100 |
1 |
|
|a Kysucký, Pavol Peter
|4 aut
|9 313598
|
| 245 |
1 |
0 |
|a Obroda kresťanského náboženstva Slovenov
|b vatikánske náboženstvo a Biblia sú sfalšované : prví kresťania boli Ariánisti a boli Sloveni : cesta "Duchovného bojovníka" Slovena : najdôležitejšia kniha
|c Pavol Peter Kysucký
|
| 246 |
3 |
0 |
|a Vatikánske náboženstvo a Biblia sú sfalšované
|
| 246 |
3 |
0 |
|a Prví kresťania boli Ariánisti a boli Sloveni
|
| 246 |
3 |
0 |
|a Cesta "Duchovného bojovníka" Slovena
|
| 250 |
|
|
|a Prvé vydanie
|
| 264 |
|
1 |
|a Ochodnica
|b Obroda Slovanov, občianske združenie
|c 2023
|
| 300 |
|
|
|a 390 strán
|c 24 cm
|
| 336 |
|
|
|a text
|b txt
|2 rdacontent
|
| 337 |
|
|
|a bez média
|b n
|2 rdamedia
|
| 338 |
|
|
|a zväzok
|b nc
|2 rdacarrier
|
| 650 |
0 |
7 |
|a kresťanstvo
|2 SNKPH
|9 2024
|
| 650 |
0 |
7 |
|a náboženstvo
|2 SNKPH
|9 2023
|
| 650 |
0 |
7 |
|a názory a postoje
|2 SNKPH
|9 4303
|
| 650 |
0 |
7 |
|a Christianity
|2 SNKPHeng
|9 267816
|
| 650 |
0 |
7 |
|a Religion
|2 SNKPHeng
|9 265085
|
| 650 |
0 |
7 |
|a Views and attitudes
|2 SNKPHeng
|9 306968
|
| 650 |
0 |
7 |
|a konšpiračné teórie
|2 SNKPH
|9 100906
|
| 650 |
0 |
7 |
|a Conspiracy theories
|2 SNKPHeng
|9 313601
|
| 655 |
|
7 |
|a úvahy
|2 SNKPH
|9 29403
|
| 655 |
|
7 |
|a Essays
|2 SNKPHeng
|9 267540
|
| 852 |
|
|
|a Slovenská národná knižnica
|
| 919 |
|
|
|a 978-80-973289-9-3
|
| 954 |
|
|
|a iná literatúra (príručky, kuchárske knihy, hobby literatúra, sprievodcovia) pôvodná (slovenská)
|2 lita
|
| 999 |
|
|
|c 959983
|d 961913
|
| 952 |
|
|
|a SNK
|b SNK
|y PREZ
|7 0
|p 17A1549202
|o snkSC 207462
|i snk2024/12472
|8 0
|0 0
|1 0
|4 0
|d 2024-08-05
|l 0
|r 2026-02-24 10:16:16
|w 2026-02-24
|
| 952 |
|
|
|a SNK
|b SNK
|y VYP
|7 0
|p 17A1549361
|o snkSC 207462 D1
|i snk2024/12903
|8 3
|g 13.48
|0 0
|1 0
|4 0
|d 2024-08-14
|l 0
|r 2026-02-24 10:16:16
|w 2026-02-24
|